000 00784nam a2200205 a 4500
001 000045561
005 20250924073803.0
008 110406s1978 dr 000 0 spa d
040 _aDO-SdBNP
_bspa
_cBNPHU
082 _axxx
_bxxxx
245 0 0 _aCentro de Estudios de la Realidad Social Dominicana (CERESD) : /
_cintroducción Luis Gómez.
246 1 _aCERESD II
260 _aSanto Domingo :
_bUniversidad Autónoma de Santo Domingo,
_c1978.
300 _a147 p. ;
_c22 cm.
490 1 _aPublicaciones de la Universidad Autónoma de Santo Domingo
_v252
490 1 _aUniversidad y planificación
_v4
700 1 _aGómez, Luis,
_dintrod.
_955008
830 0 _aUniversidad y planificación.
_n4
_973620
830 _aPublicaciones de la Universidad Autónoma de Santo Domingo
_v252
_952
999 _c45050
_d45050